000 00733nam a2200181Ia 4500
008 100920s9999 xx 000 0 und d
082 _b57644
_a--- थ 91
100 _aदिघे प्रभाकर.
245 _aमुगल बादशहाच्या सूडांची परंपरा.
260 _bविनी पब्लिकेशन, पुणे.
_c1991
300 _a175
_bसाधी
365 _b100
520 _aकादंबरी.
630 _aमुगल बादशहाच्या सूडांची परंपरा.
650 _aकादंबरी.
730 _aमुगल बादशहाच्या सूडांची परंपरा.
942 _cBOOK
999 _c701451
_d701448